[Event "Isthmia op 1st"]
[Site "Vrachati"]
[Date "2011.08.22"]
[Round "6"]
[White "Atalik, Suat"]
[Black "Svetushkin, Dmitry"]
[Result "0-1"]
[WhiteElo "2619"]
[BlackElo "2576"]
[Annotator "Atalik,S"]
[PlyCount "64"]
[EventDate "2011.08.18"]
[EventType "swiss"]
[EventRounds "9"]
[EventCountry "GRE"]
[SourceTitle "CBM 144 Extra"]
[Source "ChessBase"]
[SourceDate "2011.10.28"]
[SourceVersion "1"]
[SourceVersionDate "2011.10.28"]
[SourceQuality "1"]

1. d4 Nf6 2. c4 e6 3. Nc3 Bb4 4. Qc2 O-O (4... Nc6 5. e3 $5 O-O 6. Bd2 Re8 7.
a3 Bf8 8. Nf3 d6 9. Bd3 e5 10. d5 Ne7 11. O-O $14) (4... c5 5. dxc5 O-O 6. a3
Bxc5 7. Nf3 b6 (7... Nc6 8. Bg5 b6 9. e3 Bb7 10. Rd1 Be7 11. Be2 Rc8 12. O-O
Na5 13. b3 d5 14. e4 $13) 8. Bf4 Bb7 9. Rd1 Nc6 10. b4 Nh5 11. Bc1 Be7 12. e4
Rc8 13. Be2 $14) (4... d5 5. cxd5 exd5 6. Bg5 c5 7. a3 Bxc3+ 8. Qxc3 c4 9. Nf3
O-O 10. Nd2 $13) 5. a3 Bxc3+ 6. Qxc3 b6 (6... b5 $5 7. cxb5 c6 8. Bg5 cxb5 9.
e3 Bb7 10. f3 a6 11. Bd3 h6 12. Bh4 Nc6 13. Ne2 Rc8 14. Qd2 Ne4 15. Bxd8 Nxd2
16. Kxd2 Rfxd8 17. b4 $14) (6... d5 7. e3 b6 8. cxd5 Qxd5 9. f3 $13) 7. Bg5 Bb7
(7... c5 8. dxc5 bxc5 9. e3 Nc6 (9... d6 10. Bd3 Nbd7 11. Ne2 h6 12. Bh4 $14)
10. Bd3 Rb8 11. Ne2 Qa5 12. Bxf6 gxf6 13. O-O-O Qxc3+ 14. Nxc3 $14) 8. f3 $5 {
I have applied the old move this time.} (8. e3 d6 9. Ne2 Nbd7 10. Qc2 $5 ({
I had some ideas in} 10. Qd3) 10... h6 (10... c5 11. dxc5 bxc5 12. Nc3 Qb6 13.
Rd1 $14) 11. Bh4 c5 12. dxc5 bxc5 13. Nc3 d5 14. Rd1 Qa5 15. Be2 Ba6 16. O-O
Bxc4 17. Bxc4 dxc4 18. Nb1 $5 $44) 8... d6 $5 ({More common is} 8... h6 9. Bh4
d5 10. e3 Nbd7 11. cxd5 Nxd5 12. Bxd8 Nxc3 13. Bh4 Nd5 14. Kf2 $5 f5 15. Bc4
$14) 9. e4 (9. Nh3 $5 h6 (9... Nbd7 10. e4 c5 11. Rd1 h6 12. Be3 $14) 10. Bh4
Nbd7 11. Nf2 Rc8 12. e4 c5 13. dxc5 bxc5 14. Ng4 $36 {is another idea.}) 9...
c5 10. d5 (10. Nh3 Nc6) (10. dxc5 bxc5 11. O-O-O Nc6 12. Bxf6 gxf6 13. Ne2 e5 (
13... Qe7 14. g4 Kh8) 14. Qd2 Nd4 15. Qh6 Kh8 16. Nxd4 cxd4 17. Bd3 $13) 10...
Nbd7 11. Nh3 (11. dxe6 fxe6 12. Nh3 h6 13. Be3 d5 14. cxd5 exd5 15. exd5 Nxd5
16. Bc4 Ne5 17. O-O-O Nxc4 18. Qxc4 Qd7 19. Nf4 Rad8 20. Rd2 Qf7 21. Rhd1 Rd7
$11) 11... exd5 12. cxd5 (12. exd5 $5 {is a very serious idea although White
lags in development.} b5 (12... Re8+ 13. Kf2 b5 14. b3 Ne5 15. g3 h6 16. Bf4 a5
17. a4 $13) 13. b3 Re8+ 14. Kf2 Qb6 $132) 12... Re8 13. O-O-O $6 {I am not
happy about this one.} (13. Bb5 Nxd5 14. Qd2 (14. Bxd8 $2 Nxc3) 14... Qc8 15.
O-O (15. O-O-O Nc7 16. Bxd7 Qxd7 17. Qxd6 Qxd6 18. Rxd6 Nb5 19. Rd2 Nd4 20. Kb1
f5 21. exf5 Nxf5 $11) (15. Be2 Nc7 (15... h6 16. Bxh6 (16. Bh4 $2 N5f6 17. Qxd6
Nxe4 $3 18. fxe4 Rxe4 $19) 16... gxh6 17. exd5 Ba6 18. Nf4 $13) (15... Ne7 16.
Bxe7 (16. Qxd6 $2 Nc6 17. O-O Nd4 $17) 16... Rxe7 17. Qxd6 Re6 18. Qd2 Qc7 19.
Rd1 Ne5 20. O-O Re7 $11) 16. Qxd6) (15. Ba4 $5) 15... Nc7 16. Ba4 b5 17. Bc2
Re6 18. Bh4 $5 $44) (13. Be2 h6 14. Bf4 Qe7 15. Qd2 Nh5 16. O-O f5 17. Bb5 $1
$13 {and all these lines are fairly playable.}) 13... c4 14. Kb1 (14. Bf4 Ne5)
(14. Qb4 Ne5) (14. g4 b5 15. Be3 a5 16. g5 Nh5 17. Kb1 Ba6 $40) 14... b5 15.
Bd2 {This is the standard maneuver I knew but already things are very
difficult for White.} (15. a4 a6) (15. Qb4 Nc5) 15... Nc5 16. Qa5 Qd7 17. Bg5
Nxd5 $1 18. exd5 Qf5+ 19. Ka2 $138 c3 $2 {In my time trouble he goes wrong.} (
19... Bxd5 20. Nf4 (20. Qd2 Be6) (20. Rxd5 Qxd5 21. Qc3 a5) 20... Bc6 $17 {
looks no rosy for White.}) 20. Qxc3 Bxd5+ 21. Rxd5 $4 {Some years ago I have
committed such a bad move against Gelashvili.} ({he does not have more than
perpetual checks after} 21. Ka1 $1 Nb3+ 22. Ka2 Nd4+ (22... Rac8 $2 23. Bd3) (
22... Nc1+ 23. Ka1 Nb3+ $11) 23. Ka1 Nc2+ 24. Kb1 Nxa3+ 25. Ka1 Nc2+ 26. Kb1
$11) 21... Qxd5+ 22. Kb1 (22. b3 Rac8) 22... Na4 23. Qd2 Qb3 $19 {I could or
rather should have resigned here.} 24. Bd3 h6 (24... Nxb2 $6 25. Bxh7+ Kxh7 26.
Qxb2 Qxb2+ 27. Kxb2 Re2+ 28. Kb3 Rxg2 29. Bf4 $17 {is still playable too some
extent.}) 25. Bh4 $2 {The very last mistake!} ({If there is any chance it is in
} 25. Bxh6 gxh6 26. Nf4 Rac8 27. Ka1 Re5 28. h4 (28. Bb1 Rec5 29. Nd3 Rc2 30.
Bxc2 Rxc2 $19) 28... a5 $17) (25. Bf4 Rac8 26. Ka1 Nxb2 27. Qxb2 Qxd3 28. Nf2
Qf5 $19) 25... Rac8 26. Be1 (26. Ka1 Nxb2 27. Bh7+ Kxh7 28. Qxb2 Qc4 29. Qb4
Qc2 $19) 26... Nxb2 {He goes slightly wrong} ({because} 26... Nc3+ $142 {
finishes the game off.} 27. Qxc3 Qd1+ 28. Ka2 Rxc3 $19) (26... Rxe1+ $2 27.
Rxe1 Nc3+ $4 28. Qxc3 $18 {is too good to be true.}) 27. Bc2 Qxa3 28. Qd4 (28.
Qb4 Rxe1+ 29. Qxe1 Nc4 $19) 28... Rxc2 (28... Na4 29. Bb4 Nc3+ 30. Qxc3) 29.
Kxc2 Re2+ 30. Bd2 (30. Kb1 Nd3) 30... Nc4 31. Ra1 Rxd2+ 32. Qxd2 Qb2+ {A
pathetic performance by my side.} 0-1

[Event "Moscow Aeroflot op-A"]
[Site "Moscow"]
[Date "2005.02.17"]
[Round "3"]
[White "Atalik, Suat"]
[Black "Gyimesi, Zoltan"]
[Result "1/2-1/2"]
[WhiteElo "2560"]
[BlackElo "2602"]
[Annotator "Atalik,S"]
[PlyCount "68"]
[EventDate "2005.02.15"]
[EventType "swiss"]
[EventRounds "9"]
[EventCountry "RUS"]
[SourceTitle "CBM 106"]
[Source "ChessBase"]
[SourceDate "2005.06.06"]
[SourceVersion "1"]
[SourceVersionDate "2005.06.06"]
[SourceQuality "1"]

1. d4 Nf6 2. c4 e6 3. Nc3 Bb4 4. Qc2 O-O 5. a3 Bxc3+ 6. Qxc3 b6 7. Bg5 h6 {
I usually like to play this kind of positions omitting this move.} (7... Ba6)
8. Bh4 Ba6 9. e3 d6 10. Ne2 $5 Nbd7 11. Qc2 c5 12. Rd1 {This was what I have
prepared against Rozentalis for our game in Augsburg 2004-5.} cxd4 13. Rxd4 Rc8
14. Nc3 Rc6 $6 {This move looked absolutely weird to me.} 15. Na2 $1 (15. Ne4
$6 d5 16. Qa4 Qc8 17. Nxf6+ Nxf6 (17... gxf6 18. cxd5 Rc1+ 19. Rd1 Bxf1 20.
Qg4+ Kh7 21. Rxf1 Qc2 22. Rxc1 Qxc1+ 23. Qd1 Qxb2 24. dxe6 Nc5 $17) 18. Bxf6
gxf6 19. cxd5 Rc1+ 20. Rd1 Rxd1+ 21. Qxd1 Bxf1 22. Rxf1 Rd8 23. Qg4+ Kh8) (15.
b4 $6 Bb7 16. b5 Rc8 17. Rxd6 Qe7 $44) 15... Bb7 16. Nb4 $2 {How many times I
ended up spoiling positions because of my greed!} (16. Qd1 Qe7 (16... Qa8 17.
Nc3 a6 18. f3 $14) 17. Be2 e5 18. Rd2 g5 19. Bg3 Ne4 20. Rc2 $14) 16... Rc7 $1
{The first surprise for me.} (16... Rc8 $6 17. Rxd6 Qe7 18. Rd1 b5 19. f3 a5
20. Na2 bxc4 21. e4 $14) 17. Rxd6 a5 18. Na2 Qe7 $1 (18... b5 19. f3 Qe7 20.
Rd2 bxc4 21. e4 $14) 19. Qd1 $6 {I was only concentrated in the exchange sac.}
({Otherwise} 19. Rd1 b5 20. Qd2 bxc4 21. Qxa5 $13 {is playable.}) 19... b5 20.
cxb5 (20. b3 $6 bxc4 21. bxc4 Ne5 $32) 20... Bd5 21. Rxd5 exd5 {White's
position looks nice but in fact things are not that clear since Na2 is out of
play and open c line constitutes a danger.} 22. Be2 (22. Nc3 $6 Rxc3 $1 23.
bxc3 Qxa3 24. Bd3 Qxc3+ 25. Qd2 Qa1+ 26. Qd1 Qc3+ $11) (22. Bg3 $2 Rc5 23. b4
axb4 24. Nxb4 Ne4 25. Nxd5 Qe6 $17) (22. Bd3 $2 d4) 22... Rfc8 23. Nc3 $8 (23.
O-O $2 Rc2 24. Nc3 Rxb2 25. Nxd5 Qe6 $1 (25... Qxa3 $2 26. Bxf6 Nxf6 27. Nb6
Rcc2 28. Nc4 $16) 26. Bg4 (26. Nxf6+ $2 Nxf6 27. a4 (27. Bxf6 Qxf6 28. Qd7 Rd8
$19) 27... Ne4 28. Bg4 f5 29. Bf3 Nd2 $17) 26... Qxd5 27. Qxd5 Nxd5 28. Bxd7
Rcc2 $17) 23... Rxc3 24. bxc3 Qxa3 25. O-O Qxc3 {After a bunch of forced moves
for both sides an interesting position evolved.White has two bishops but their
impact in the game is not big.Besides the a pawn is annoying.} 26. e4 $2 {
Because of the factors mentioned above I have decided to sac my e pawn and
open the position.However I have done it not in the way it was supposed to be
done.} (26. f3 Qxe3+ 27. Bf2 $44) 26... g5 $6 (26... dxe4 27. Bg4 {He was
afraid of this most likely.} Nxg4 (27... g5 $5 28. Bxd7 Rd8 29. Bg3 (29. Qd6
gxh4 30. Qc6 Qd4 $17) 29... Rxd7 30. Qa1 Nd5 $17 (30... Qxa1 $2 31. Rxa1 Nh5
32. f3 Nxg3 33. hxg3 e3 34. Kf1 f5 35. f4 Rd2 36. Rb1 a4 37. b6 Rd8 38. Ke2 $11
)) 28. Qxd7 Ne5 29. Qa7 Qc4 $1 30. Qxa5 e3 $19) 27. Bg3 dxe4 (27... Nxe4 $2 28.
Qxd5 $40 {is what white wants.}) 28. Qd6 (28. h4 Qc2 29. hxg5 hxg5 $17) 28...
Qb2 $6 {This looks very strong but now a tactical phase starts in the game and
a draw is the result.} (28... Qb4 29. Qxb4 axb4 30. Rb1 Nd5 31. Bg4 Rd8 $15)
29. Qa6 $1 (29. Re1 $4 Qxe2 30. Rxe2 Rc1+ $19) 29... Rc5 30. Bd6 Rd5 31. Bc4
Rd4 32. Qc6 Kg7 $6 (32... a4 33. h4 (33. Bc7 Kg7 34. b6 Qc3 35. Bb5 Qxc6 36.
Bxc6 Rb4 37. b7 a3 38. f4 a2 39. Be5 Kg6 $19) 33... gxh4 $17) 33. Bc7 $8 Qc2
34. Bxf7 $1 Qxc6 $6 (34... Qe2 $1 35. Bb3 a4 36. Bb6 $3 Rb4 37. Be6 Qxb5 38.
Bxd7 Nxd7 (38... Qxc6 39. Bxc6 Rxb6 40. Bxa4 $11) 39. Bd4+ Kf7 40. Qxe4 Nf6 41.
Qe3 Rb1 42. Re1 Rxe1+ 43. Qxe1 $11 {would have been more sweaty for white.}) (
34... Qxc6 35. bxc6 Kxf7 36. cxd7 Rxd7 37. Bxa5 Nd5 $11) 1/2-1/2

[Event "Sigeman & Co 14th"]
[Site "Malmo"]
[Date "2006.04.30"]
[Round "3"]
[White "Atalik, Suat"]
[Black "Carlsson, Pontus"]
[Result "1-0"]
[WhiteElo "2632"]
[BlackElo "2433"]
[Annotator "Atalik,S"]
[PlyCount "71"]
[EventDate "2006.04.28"]
[EventType "tourn"]
[EventRounds "9"]
[EventCountry "SWE"]
[EventCategory "13"]
[SourceTitle "CBM 113"]
[Source "ChessBase"]
[SourceDate "2006.07.31"]
[SourceVersion "1"]
[SourceVersionDate "2006.07.31"]
[SourceQuality "1"]

1. d4 Nf6 2. c4 e6 3. Nc3 Bb4 4. Qc2 O-O 5. a3 Bxc3+ 6. Qxc3 b6 7. Nf3 d6 (7...
Bb7 8. e3 d5 $1 $132 {is a possibility black declines by this move order.}) 8.
e3 $5 Bb7 9. Be2 Ne4 10. Qc2 f5 11. O-O Rf6 $6 {Pontus decided to checkmate me
a little bit too early.} 12. d5 $1 {All I can understand about this opening
that white has to give this pawn and activate a1-h8 diagonal for his dark
squared bishop.} Rh6 $2 {Black had to take the pawn no matter what happens.} (
12... exd5 13. cxd5 Bxd5 14. b4 $44) 13. Nd4 Qh4 14. h3 Ng5 (14... Bc8 15. dxe6
Bxe6 16. Nxe6 Rxe6 17. c5 $18) 15. e4 $1 {I have analysed this type of
positions quite a lot before putting this system into practice coming frpm
different move orders.White is able to indirectly defend his kingside by
precise play.} c5 (15... f4 16. Bg4) 16. Bxg5 (16. Qa4 $5 $18 {is a computer
move.}) 16... Qxg5 17. f4 Qg3 18. Rf3 (18. Qa4) 18... Qh4 19. Nxe6 $18 {
Practically the end of the game.} Rxe6 20. dxe6 fxe4 (20... Bxe4 21. Qd2) 21.
Rff1 Qf6 22. f5 Qe5 23. Qc3 Nc6 24. Qxe5 dxe5 25. f6 (25. Bh5 $142 {could even
be better.}) 25... Nd4 26. Bg4 g6 27. e7 Kf7 28. Bd7 h5 29. h4 $1 Ba6 30. Rae1
Bxc4 31. Rxe4 Bxf1 32. Kxf1 Nf5 (32... Ne6 33. Rxe5 Nc7 34. Bc6 Rh8 35. Re2 $18
) 33. Rxe5 Nd6 34. Bc6 (34. Re6 Ne8 35. Bxe8+ Rxe8 36. Rd6 $18) 34... Rc8 35.
Bd5+ Kxf6 (35... Ke8 36. Re6 Kd7 37. Rxd6+ Kxd6 38. Bf7 Kd7 39. Bxg6 Rh8 40.
Ke2 b5 41. Kd3 $18 {with an easily winning pawn ending.}) 36. Re6+ 1-0

[Event "Panormo zt"]
[Site "Panormo"]
[Date "1998.10.25"]
[Round "2"]
[White "Atalik, Suat"]
[Black "Supatashvili, Khvicha"]
[Result "1-0"]
[WhiteElo "2585"]
[BlackElo "2495"]
[Annotator "Atalik,S"]
[PlyCount "109"]
[EventDate "1998.10.24"]
[EventType "swiss"]
[EventRounds "11"]
[EventCountry "GRE"]
[SourceTitle "EXT 2002"]
[Source "ChessBase"]
[SourceDate "2001.11.25"]
[SourceVersion "1"]
[SourceVersionDate "2001.11.25"]
[SourceQuality "1"]

1. d4 Nf6 2. c4 e6 3. Nc3 Bb4 4. Qc2 O-O 5. a3 Bxc3+ 6. Qxc3 b6 7. Bg5 d6 8. e3
Nbd7 9. Bd3 Ba6 10. Ne2 c5 11. Qc2 $1 {An idea of Misha Gurevich.} h6 12. Bh4
Rc8 13. Qa4 Bb7 14. O-O a6 15. Nc3 Qc7 16. Rfc1 $1 Qb8 17. Qd1 Qa8 $6 (17...
cxd4 18. exd4 $14) 18. Bf1 cxd4 19. Qxd4 $1 Rc6 20. Na2 $1 {xd6.} d5 (20... e5
$6 21. Qd1 d5 22. Nb4 Rd6 23. cxd5 g5 (23... Nxd5 $2 24. Be7) 24. Bg3 $18) 21.
cxd5 Rxc1 22. Rxc1 Nxd5 23. e4 e5 $2 (23... N5f6 24. f3 {xBb7}) 24. Qd2 N5f6
25. f3 Rc8 26. Rd1 $1 Rc7 27. Nb4 $1 a5 28. Na2 $1 $16 {xb5} Qf8 29. Nc3 Nc5
30. Qd6 Qxd6 31. Rxd6 Rc6 (31... Nfd7 $2 32. b4 axb4 33. axb4 $18) 32. Rd8+ Kh7
33. Bb5 Ne6 $1 34. Bxc6 Nxd8 35. Bxb7 Nxb7 36. Bxf6 gxf6 37. Nd5 b5 38. Nxf6+
Kg6 39. Nd7 $1 f6 40. Kf2 Nd6 41. Nb6 f5 42. Ke3 fxe4 43. fxe4 Kf6 $6 (43... a4
44. g3 h5 45. Kf3 Kg5 46. h3 Kg6 47. h4 Kf7 48. Nd5 Nc4 49. Nc3 Nxb2 50. Nxb5
Nc4 51. Ke2 Ke6 52. Kd3 Nb6 53. Kc3 Kd7 54. Kb4 Kc6 55. Nc3 $18) 44. b3 $1 Ke6
45. g4 Kf6 46. h4 Ke6 47. Kd3 Kf6 48. Nd5+ Kf7 49. Ne3 Nb7 50. b4 $1 a4 51. Nf5
Kg6 52. Ke3 Kf6 (52... h5 53. Kf3 hxg4+ 54. Kxg4 $18) 53. Nxh6 Nd6 54. Nf5 Nc4+
55. Kd3 (55. Kd3 Nxa3 56. Ne3 $18) 1-0

[Event "Moscow Aeroflot op-A"]
[Site "Moscow"]
[Date "2005.02.18"]
[Round "4"]
[White "Izoria, Zviad"]
[Black "Atalik, Suat"]
[Result "1/2-1/2"]
[WhiteElo "2607"]
[BlackElo "2560"]
[Annotator "Atalik,S"]
[PlyCount "74"]
[EventDate "2005.02.15"]
[EventType "swiss"]
[EventRounds "9"]
[EventCountry "RUS"]
[SourceTitle "CBM 106"]
[Source "ChessBase"]
[SourceDate "2005.06.06"]
[SourceVersion "1"]
[SourceVersionDate "2005.06.06"]
[SourceQuality "1"]

1. d4 Nf6 2. c4 e6 3. Nc3 Bb4 4. Qc2 O-O 5. a3 Bxc3+ 6. Qxc3 b6 7. Bg5 Bb7 8.
f3 h6 9. Bh4 d5 10. e3 Nbd7 11. Nh3 $5 {A side line but also pretty toothless
one if you ask me.} Rc8 $1 {I think this is the simplest way to meet this
system.} (11... c5 $5 12. cxd5 cxd4 $1 (12... Nxd5 $6 13. Bxd8 Nxc3 14. Be7 (
14. bxc3 Rfxd8) 14... Rfe8 15. Bh4 Nd5 16. Bb5 g5 17. dxc5 (17. Bf2 Red8 18. e4
N5f6 $11) 17... bxc5 18. Bf2 $14) 13. Qxd4 e5 14. Qd1 Bxd5 15. Nf2 Be6 16. Bb5
Nc5 $11) 12. cxd5 $6 {This is not the real test of the variation.} ({However
even after the aggressive} 12. c5 bxc5 13. dxc5 c6 14. Bg3 Ra8 $1 15. Bd6 (15.
b4 Re8 16. Bd6 e5 $36) 15... Re8 16. Bd3 a5 17. e4 e5 18. O-O Ba6 19. Bxa6 Rxa6
$132 {resulting positions are not to everyone taste with white.}) 12... Nxd5
13. Bxd8 Nxc3 14. Bh4 Nd5 15. Bf2 c5 $6 ({With his knight on the rim I had to
play the more aggressive} 15... f5 $1 16. Bb5 c6 17. Ba4 e5 $15) 16. e4 N5f6
17. Rd1 cxd4 (17... c4 18. Rc1 b5 19. Be3 $13) 18. Bxd4 Nc5 $2 (18... Rfd8 19.
Be2 Nc5 20. Nf2 Nfd7 {was the safe way to reach the game position.}) 19. Be2 $2
(19. Bxf6 $1 gxf6 20. b4 Nb3 21. Rd3 (21. Rd7 $2 Rfd8 22. Rxb7 Rd2 $19) 21...
Rc1+ 22. Kf2 Rc2+ 23. Ke3 Nc1 24. Rd7 Bc8 $1 25. Rxa7 e5 26. Nf2 Rd8 27. Nd3
Rc3 28. Kd2 Rcxd3+ 29. Bxd3 (29. Kxc1 $2 Rd1+ $17) 29... Nxd3 30. Kc2 Be6 31.
Rd1 Bc4 32. Kc3 b5 33. Rd2 $1 $18 {Followed by 34.a4 could have turned out to
be very ugly for black.}) (19. b4 Nb3) 19... Rfd8 20. Nf2 Nfd7 21. b4 e5 $1 22.
Be3 (22. Bxc5 bxc5 23. Bb5 Bc6 24. Bxc6 Rxc6 25. Ng4 Rcc8 26. bxc5 f6 $11)
22... Ne6 23. O-O Kf8 {It is time to bring the king to the center.} (23... Rc3
24. Rd3 Rc2 25. Bd1 Rc7 26. Re1 $11) 24. Bb5 Ke7 25. Nd3 f6 26. Rc1 Nb8 $1 27.
Rxc8 Rxc8 28. Rc1 Rxc1+ 29. Nxc1 Ba6 30. Ba4 Kd6 (30... Bc4 {can be played any
time.} 31. Kf2 Kd6 (31... b5 32. Bb3 Bxb3 33. Nxb3 Nc6 34. Ke2 $11 {does not
change any thing.})) 31. Kf2 Bc4 32. Ne2 Nc6 (32... b5 33. Bc2 Nc6 34. Ng3 Ncd4
35. Nf5+ Nxf5 36. exf5 Nd4 37. Be4 Bd5 38. Bb1 $11) 33. Bxc6 {Draw offer.} Kxc6
34. Nc3 Nc7 35. f4 $1 {Achieves the draw at once!} (35. a4 a6) 35... exf4 (
35... g5 36. fxe5 fxe5 37. Kf3 Be6 $11) 36. Bxf4 Nb5 37. Nxb5 Bxb5 (37... Kxb5
38. Bb8 $11) 1/2-1/2

[Event "Veliko Gradiste Silver Lake op-A"]
[Site "Veliko Gradiste"]
[Date "2015.06.22"]
[Round "3"]
[White "Atalik, Suat"]
[Black "Nestorovic, Dejan"]
[Result "1-0"]
[WhiteElo "2551"]
[BlackElo "2425"]
[Annotator "Atalik,S"]
[PlyCount "81"]
[EventDate "2015.06.20"]
[EventType "swiss"]
[EventRounds "9"]
[EventCountry "SRB"]
[SourceTitle "EXT 2016"]
[Source "ChessBase"]
[SourceDate "2015.10.08"]
[SourceVersion "1"]
[SourceVersionDate "2015.10.08"]
[SourceQuality "1"]

1. d4 Nf6 2. c4 e6 3. Nc3 Bb4 4. Nf3 O-O 5. Qc2 $5 {A transposition into the
Capablanca System.} d6 $5 ({Theory always supported} 5... c5 6. dxc5 Na6 7. g3
Nxc5 8. Bg2 Nce4 (8... b6 9. O-O Bb7 10. Nb5 Be4 11. Qd1 Nb7 {is with what I
have lost to the talented Hungarian GM Banusz in a rapid game in Paracin.}) 9.
O-O) 6. g3 $5 {Fianchetto is not such a bad idea.} (6. a3 Bxc3+ 7. Qxc3 Nbd7) (
6. Bg5 Nbd7 7. e3 b6 8. Bd3 h6 9. Bh4 Bb7 10. O-O Bxc3 11. bxc3 $5 $13) (6. Bd2
$5) 6... Qe7 $5 ({I find} 6... Nc6 7. Bg2 e5 $132 {a more critical idea.}) 7.
Bg2 e5 8. O-O Bxc3 (8... Nc6 9. d5) 9. Qxc3 $1 ({There is no need for} 9. bxc3)
9... e4 (9... Nc6 10. d5 Nb8 11. Nh4 $14 {is a game Veresov-Kotov,from 1940
Soviet Championship where the Belarus overwhelmed his mighty opponent.}) 10.
Ne1 h6 11. Nc2 c5 (11... d5 $142 12. b3 (12. cxd5 Nxd5 13. Qa3 Qxa3 14. Nxa3
Re8 $14) 12... Re8 13. Ba3 Qd8 14. Ne3 Be6 $132) 12. Bf4 $1 (12. b3 Nc6 13. Bb2
Re8 $14 (13... Bf5)) 12... Nc6 (12... Nh5 13. Bd2) 13. Rad1 Rd8 14. d5 $1 Ne5
15. a4 $5 (15. Bxe5 Qxe5 16. Qxe5 dxe5 17. Ne3 {I was not so sure if White
could cash the point even if e4 falls.} Rd6 18. Rc1 Bd7 19. Rc3 Kf8 $13) (15.
f3) 15... Re8 16. f3 Bf5 17. b3 (17. Ne3 Bd7 18. fxe4 Nfg4 $44) 17... Qd7 18.
Ne3 $2 {Lapsus manus!} (18. g4 Bh7 19. Bg3 exf3 20. exf3 Re7 21. Ne3 Rae8 22.
Rfe1 {should have been the game continuation.}) 18... exf3 (18... Bh3 $2 19. g4
Bxg2 20. Kxg2 h5 21. h3 $16) 19. exf3 Bh7 $2 ({After having played my 18th
move I have understood that} 19... Ng6 $1 20. Nxf5 (20. Bxh6 gxh6 21. g4 Nxg4
22. Nxf5 Qxf5 23. fxg4 Qxg4 24. Qf6 Qd7 25. Rd3 $44) 20... Nxf4 $1 21. Nxh6+
Kh7 (21... gxh6 $2 22. Qxf6) 22. gxf4 Kxh6 23. Qc2 g6 24. Rde1 Nh5 25. Qd2 Qf5
26. Re4 Nf6 27. Rfe1 $5 $13 {I have lost all my advantage.}) 20. g4 $1 $16 Re7
21. Bg3 Rae8 22. Rfe1 Qc7 (22... g5 23. h3 h5 24. Nf1 $16) 23. h3 Qb6 24. f4 $6
({First I had to deploy the knight out of the e line with} 24. Nf1 $1 Ned7 (
24... Qb4 $2 25. Qxb4 cxb4 26. c5 $18) 25. Rxe7 Rxe7 26. Re1 Rxe1 27. Bxe1 $16)
(24. a5 $2 Qb4 25. Qxb4 cxb4 26. Kf2 Nfd7 $1 $17) 24... Ned7 25. f5 Ne4 $2 $138
{Dejan who was in a desperate time trouble lost the track around here.} (25...
h5 26. Bh4 hxg4 27. hxg4 Re5 28. Bf3 Ne4 29. Bxe4 Rxe4 30. a5 Qc7 31. Ng2 $14)
26. Bxe4 Rxe4 27. a5 Qc7 (27... Qd8 28. Ng2 (28. Bxd6 h5) 28... Nf6 29. Bh4 $18
) 28. Ng2 g5 $2 (28... h5 $2 29. Rxe4 Rxe4 30. Qc2 Re8 31. g5 Nf8 $1 $16 (31...
g6 32. f6 $18)) 29. Rxe4 Rxe4 30. Re1 Rxe1+ 31. Nxe1 $18 {Black could not hold
the position anymore when Nd3-f2-e4 was coming.} f6 32. Nd3 h5 (32... Ne5 33.
Bxe5 dxe5 34. Nf2 $18) 33. Nf2 h4 34. Bh2 Kg7 35. Ne4 $18 Ne5 36. Bxe5 dxe5 37.
b4 (37. d6 Qd7 38. Qd2 b6 39. Qd5 Bg8 40. Qxg8+ $18) 37... cxb4 38. Qxb4 Bg8
39. Qd6 (39. Qc5 $18 {also wins}) 39... Qxd6 (39... Qf7 40. Qd8) 40. Nxd6 b6
41. a6 {Simplest} ({but the alternatives also ought win the game.} 41. axb6
axb6 42. Nc8 b5 43. d6 $18 (43. cxb5 Bxd5 44. b6 Kf8 45. Kf2 Ke8 46. b7 $18))
1-0